Responses for Show #8523 - Wednesday, December 1, 2021

Amy Schneider game 11.

Contestants

[<< previous game]

David Miller, a communications director from Decatur, Georgia

Jaimie Carlson, a robotics scientist from Boston, Massachusetts

Amy Schneider, an engineering manager from Oakland, California (whose 10-day cash winnings total $380,200)

[next game >>]

Jeopardy! Round responses

THE MID-ATLANTIC STATES
PULITZER PRIZE WINNERS
HUNTER/GATHERER
THE COMPANY'S PRODUCT
PRONOUNCE IT THE WAY WE WANT
(Ken: And I am going to be strict--you need to pronounce it right.)
PUTTING YOU THROUGH SOME HOOPS
    $200 11
(Jaimie: What are horseshoe crabs?)

oysters

AmyJaimie
    $200 27
television

David
    $200 28
gather no moss

Amy
    $200 30
Heinz

David
    $200 1
(Ken: Not "duz", but "doughs".)

does

Triple Stumper
    $200 7
Anthony Davis

David
    $400 12
Albany

Jaimie
    $400 26
(David: What are photographers?)

editorials

AmyDavid
    $400 29
Jungle

Amy
    $400 25
Johnson & Johnson

Jaimie
    $400 2
[NOTE: Pronounced "WINE-dy".]

windy

David
    $400 3
(Ken: Yes, that's a tough one on me.)

the Oklahoma City Thunder

David
    $600 16
Lancaster

Amy
    $600 15
Minneapolis

David
    $600 8
Doonesbury

Amy
    $600 24
Bumble and bumble.

Amy
    $600 18
(Ken: Yes, not Polish.)[NOTE: Pronounced, "PAHL-ish".]

polish

Amy
    $600 4
zone

Amy
    $4,000 17
(Amy: What is... Philadelphia?)
(Ken: No, I'm sorry, he was a naval officer, so he's in [*].)
(Amy: Ah.)

Annapolis

Amy
    $800 14
a tornado

Jaimie
    $800 9
a powwow

Amy
    $800 22
(Ken: That's right, another b-ball clue for you.)

Converse

David
    $800 19
(Ken: "au-GUST", that's right.)

august

Amy
    $800 5
the Utah Jazz

Amy
    $1000 23
(Jaimie: What are the Iroquois?)

the Mohawk

Jaimie
Triple Stumper
    $1000 13
The Yearling

Amy
    $1000 10
the Argonne Forest

Triple Stumper
    $1000 21
Fender

David
    $1000 20
(Ken: Yeah, not a "BUF-Fay".)
[NOTE: Pronounced "BUFF-it".]

buffet

Jaimie
    $1000 6
Durant

Amy

Scores at the first commercial break (after clue 17):

Amy Jaimie David
$1,600 $1,000 $1,600

Scores at the end of the Jeopardy! Round:

Amy Jaimie David
$4,600 $1,400 $3,400

Double Jeopardy! Round responses

EUROPEAN HISTORY
SNAKES & RIVERS
WRITERS, WITH STYLE
AT HOME ON TV
WEIGHTS & MEASURES
BACKWARDS & FORWARDS
    $400 10
the Warsaw Pact

Amy
    $400 21
the Ganges

Jaimie
    $400 5
(Dr.) Seuss

David
    $400 26
Springfield

Amy
    $400 11
a pinch

Amy
    $400 17
reel & leer

Jaimie
    $800 9
(Amy: What is the Netherlands?)

Luxembourg

Amy
Triple Stumper
    $800 22
the Mississippi

Amy
    $800 4
Poe

Amy
    $800 27
SpongeBob

Jaimie
    $800 12
wheat

Jaimie
    $800 16
evil & live

Amy
    $5,000 8
El Cid

Amy
    $1200 23
python

Amy
    $1200 3
James Joyce

Amy
    $1200 30
Carrie Bradshaw

David
    $1200 19
payload

Amy
    $1200 15
tang & gnat

Amy
    $1600 6
Garibaldi

Amy
    $1600 24
an anaconda

David
    $3,000 2
(Ken: From The Canterbury Tales, you got it.)

Chaucer

Amy
    $1600 29
the Jetsons

Amy
    $1600 14
gallons

Amy
    $1600 13
(Ken: That's right, you and Jaimie got it at the exact same time, I think.)

tuba & abut

David
    $2000 7
Erasmus

Amy
    $2000 25
mamba

Amy
    $2000 1
Vonnegut

Amy
    $2000 28
the Byers family

Triple Stumper
    $2000 20
(Ken: There are [*] pounds to the stone.)

14

Triple Stumper
    $2000 18
(Ken: That's correct, you just said [**] on Jeopardy! Very good.)
[Laughter]
(David: Living the dream.)

knots & stonk

David

Scores at the end of the Double Jeopardy! Round:

Amy Jaimie David
$31,000 $3,800 $10,200
(lock game)

[wagering suggestions for these scores]

Final Jeopardy! Round responses

PLANNED CITIES
(Ken: [To Amy] So as not to choose either Sydney or Melbourne as the capital of Australia, a new city was planned and built.)
JaimieWhat is Copenhagen? Oslo
$1
DavidWhat is Australia? Canberra
$2,000
AmyWhat is Canberra?
$10,000
Canberra, Australia

Final scores:

Amy Jaimie David
$41,000 $3,799 $12,200
11-day champion: $421,200 3rd place: $1,000 2nd place: $2,000

Game dynamics:

Coryat scores:

Amy Jaimie David
$29,800 $3,800 $10,200
32 R
(including 2 DDs),
2 W
(including 1 DD)
8 R,
2 W
13 R,
1 W

Combined Coryat: $43,800

[game] [game scores] [suggest correction]

Game tape date: 2021-10-05
The J! Archive is created by fans, for fans. Scraping, republication, monetization, and malicious use prohibited; this site may use cookies and collect identifying information. See terms. The Jeopardy! game show and all elements thereof, including but not limited to copyright and trademark thereto, are the property of Jeopardy Productions, Inc. and are protected under law. This website is not affiliated with, sponsored by, or operated by Jeopardy Productions, Inc. Join the discussion at JBoard.tv.